000 00368cam a22001097a 4500
008 180718b1986 xxu||||| |||| 00| 0 eng d
082 _aB1096 In7 1
100 _aAnisuzzaman, M.
245 _aEducation as a colonial legacy: the case of Bangladesh
_cby M. Anisuzzaman
260 _aNew Delhi
_bInstitute of Scoial Sciences
_c1986
500 _aXI World Congress of Sociology
999 _c440833
_d440833